000 00372pab a2200145 454500
008 180718b1989 xxu||||| |||| 00| 0 eng d
100 _aSingh, K.K.
245 _aIrrigation management by farmers
_bThe Indian experience
260 _c1989
300 _a93-119
362 _aMar.
650 _aIrrigation - India
773 _aASCI Journal of Management
909 _a11411
999 _c11411
_d11411